01014 a2200169 45000010006000000050017000060080041000230030015000640400040000790800031001192450029001502640045001793000019002245050487002431000019007308560095007494767620260407155743.0260407a1967 arg spa dAR-UNSa-BCEJYS aAR-UNSa-BCEJYSbspacAR-UNSa-BCEJYS a330xEconomía en general10aLa economía socialista 1aBuenos Aires :bAmorrortu Editoresc1967 a236 p.c23 cm. aPrimera Parte: Introducción: 1. La comparación económica - 2. La controversia socialista - Segunda Parte: Socialismo centralizado: 3. La preparación del plan central - 4. La organización económica soviética clásica - 5. La sociedad dirigida - 6. Dos economías dirigidas: comparación - Tercera Parte: Socialismo descentralizado: 7. Reforma del sistema soviético clásico - 8. Iliria: un sindicalismo de mercado - 9. El medio ilirio - 10. La estabilidad iliria.1 aWard, Benjamin41uhttps://biblioeco.unsa.edu.ar/pmb/images/libros/L127642.jpgyImagen de portadaqimage/jpeg